Động vật học không xương sống Giáo trình Cao đẳng Sư phạm

Kiến thức cơ bản về động vật không xương sống, về sinh thái học, di truyền học, học thuyết tiến hoá. Phân chia động vật theo ngành lớn: Động vật nguyên sinh, động vật đa bào, động vật có miệng nguyên sinh, động vật có miệng thứ sinh...

Popoln opis

Shranjeno v:
Bibliografske podrobnosti
Glavni avtor: Thái Trần Bái
Format: Knjiga
Jezik:Vietnamese
Izdano: H. Đại học Sư Phạm 2005
Serija:Bộ giáo dục và đào tạo - Dự án đào tạo giáo viên THCS
Teme:
Oznake: Označite
Brez oznak, prvi označite!
Thư viện lưu trữ: Mạng thư viện Đại học Đà Nẵng
LEADER 01686nam a22004098a 4500
001 000016345
003 12747
005 20120921090951.0
008 120921s2005 b 000 0 od
020 |d 3000b 
041 0 |a dkt 
041 0 |a vie 
080 |a 592(075.3) 
082 |a 592  |b TH-B 
084 |a E691/692z73  |b Đ000ộ 
100 1 |a Thái Trần Bái 
245 1 0 |a Động vật học không xương sống  |b Giáo trình Cao đẳng Sư phạm  |c Thái Trần Bái (ch.b) - Nguyễn Văn Khang 
260 |a H.  |b Đại học Sư Phạm  |c 2005 
300 |a 486tr : minh hoạ  |c 27cm 
490 |a Bộ giáo dục và đào tạo - Dự án đào tạo giáo viên THCS 
500 |a Thư mục cuối chính văn 
520 |a Kiến thức cơ bản về động vật không xương sống, về sinh thái học, di truyền học, học thuyết tiến hoá. Phân chia động vật theo ngành lớn: Động vật nguyên sinh, động vật đa bào, động vật có miệng nguyên sinh, động vật có miệng thứ sinh 
653 |a Động vật học 
653 |a Động vật không xương sống 
653 |a Sinh thái học 
653 |a Di truyền học 
653 |a Giáo trình 
OWN |a LSP 
AVA |a UDN50  |b LSP  |d 592 TH-B  |e check_holdings  |t Error 5003 Not defined in file expand_doc_bib_avail.  |h N  |k 1 
999 |a From the UDN01 
AVA |a UDN50  |b LSP  |d 592 TH-B  |e available  |t Error 5001 Not defined in file expand_doc_bib_avail.  |f 45  |g 3  |h N  |i 109  |k 1 
TYP |a Monograph 
TYP |a Printed language 
980 |a Mạng thư viện Đại học Đà Nẵng